|
|
|
|
| LEADER |
00000nam0a2200000 4500 |
| 001 |
162096 |
| 005 |
20231101222310.0 |
| 035 |
|
|
|a (RuTPU)RU\TPU\book\175802
|
| 090 |
|
|
|a 162096
|
| 100 |
|
|
|a 20090617d1956 m y0rusy50 ca
|
| 101 |
0 |
|
|a rus
|
| 102 |
|
|
|a RU
|
| 105 |
|
|
|a a j 001zy
|
| 200 |
1 |
|
|a Курс высшей математики
|e учебное пособие
|h Т. 3, ч. 2
|f В. И. Смирнов
|
| 205 |
|
|
|a 6-е изд.
|
| 210 |
|
|
|a Москва
|c Гостехиздат
|d 1956
|
| 215 |
|
|
|a 674 с.
|c черт.
|
| 320 |
|
|
|a Алф. указ.: с. 671-674
|
| 606 |
1 |
|
|a Математика высшая
|2 stltpush
|3 (RuTPU)RU\TPU\subj\3986
|9 32308
|
| 610 |
1 |
|
|a функции комплексного переменного
|
| 610 |
1 |
|
|a преобразования
|
| 610 |
1 |
|
|a интегралы
|
| 610 |
1 |
|
|a линейные дифференциальные уравнения
|
| 610 |
1 |
|
|a специальные функции
|
| 610 |
1 |
|
|a функции Лежандра
|
| 610 |
1 |
|
|a функции Бесселя
|
| 610 |
1 |
|
|a сферические функции
|
| 610 |
1 |
|
|a полиномы Эрмита
|
| 610 |
1 |
|
|a полиномы Лагерра
|
| 610 |
1 |
|
|a эллиптические интегралы
|
| 610 |
1 |
|
|a эллиптические функции
|
| 610 |
1 |
|
|a матрицы
|
| 610 |
1 |
|
|a функции многих переменных
|
| 610 |
1 |
|
|a учебные пособия
|
| 675 |
|
|
|a 51(075.8)
|v 3
|
| 700 |
|
1 |
|a Смирнов
|b В. И.
|c российский математик
|c академик АН СССР
|f 1887-1974
|g Владимир Иванович
|2 stltpush
|3 (RuTPU)RU\TPU\pers\21288
|9 8918
|
| 801 |
|
1 |
|a RU
|b 63413507
|c 20090617
|g PSBO
|
| 801 |
|
2 |
|a RU
|b 63413507
|c 20220701
|g PSBO
|
| 942 |
|
|
|c BK
|